Tennis - Le top 20 du classement ATP au 1er janvier 2000 - Statistiques

Statistiques générales
  • Ce quiz a été pris 5 fois
  • Le résultat moyen est 12 sur 20
Statistiques - réponses
Rang Joueur Pays Âge Points % Correct
1 Andre Agassi États-Unis 29 5 048
100%
13 Cédric Pioline France 30 1 814
100%
3 Pete Sampras États-Unis 28 3 024
100%
5 Gustavo Kuerten Brésil 23 2 601
100%
12 Tim Henman Royaume-Uni 25 1 920
100%
9 Marcelo Rios Chili 24 2 245
80%
19 Mark Philippoussis Australie 23 1 570
80%
16 Patrick Rafter Australie 26 1 731
80%
2 Yevgeny Kafelnikov Russie 25 3 465
80%
11 Tommy Haas Allemagne 21 1 921
60%
18 Albert Costa Espagne 24 1 572
40%
14 Greg Rusedski Royaume-Uni 26 1 802
40%
15 Magnus Norman Suède 23 1 748
40%
6 Nicolas Kiefer Allemagne 22 2 447
40%
10 Richard Krajicek Pays-Bas 28 2 095
40%
4 Thomas Enqvist Suède 25 2 606
40%
17 Karol Kucera Slovaquie 25 1 633
20%
8 Nicolas Lapentti Équateur 23 2 284
20%
7 Todd Martin États-Unis 29 2 408
20%
20 Vincent Spadea États-Unis 25 1 542
20%
Aucun quiz correspondant
Distribution des résultats
% des personnes avec chaque résultat
Percentile par nombre de réponses
Votre historique - résultats
Vous n’avez pas pris ce quiz